000 00303nam a2200121Ia 4500
008 190216s9999||||xx |||||||||||||| ||und||
100 _aJoseph K X
245 0 _aSubsidiary I Year Statistics
260 _bCalicut University Central Co-Operative
300 _a506
650 _aMathematics
942 _cBK
999 _c37232
_d37232